| Tag |
First Indicator |
Second Indicator |
Subfields |
| LEADER |
00000cam a22000004a 4500 |
| 001 |
in00000028170 |
| 005 |
20230927123319.0 |
| 008 |
090303r19861891gw b 001 0 ger d |
| 010 |
|
|
|a 2009383777
|
| 019 |
|
|
|a 15335614
|
| 020 |
|
|
|a 9783168449829
|q (Gewebe)
|
| 020 |
|
|
|a 3168449822
|q (Gewebe)
|
| 020 |
|
|
|a 3168449849
|q (Hldr.)
|
| 020 |
|
|
|a 9783168449843
|q (Hldr.)
|
| 029 |
1 |
|
|a AU@
|b 000005266353
|
| 029 |
1 |
|
|a AU@
|b 000058113379
|
| 029 |
1 |
|
|a GBVCP
|b 029387485
|
| 029 |
1 |
|
|a GBVCP
|b 092995047
|
| 035 |
|
|
|a (OCoLC)ocn219923062
|
| 035 |
|
|
|a (OCoLC)219923062
|z (OCoLC)15335614
|
| 040 |
|
|
|a HLS
|b eng
|c DLC
|d AU@
|d HLS
|d PIT
|d EL$
|d UPM
|d MUQ
|d YDXCP
|d GBVCP
|d OCLCO
|d OCLCF
|d OCLCO
|d OCLCQ
|d FIE
|d OCLCQ
|d OCLCA
|d QE2
|d OCLCO
|d OCL
|
| 042 |
|
|
|a lccopycat
|
| 043 |
|
|
|a ff-----
|a e------
|a aw-----
|
| 050 |
0 |
0 |
|a KJA3110
|b .W43 1986
|
| 055 |
|
3 |
|a B3361.
|b A3 1984 Abt. 1 Bd. 2
|
| 082 |
1 |
4 |
|a 301.045
|
| 084 |
|
|
|a 15.28
|2 bcl
|
| 084 |
|
|
|a 86.11
|2 bcl
|
| 100 |
1 |
|
|a Weber, Max,
|d 1864-1920.
|
| 245 |
1 |
4 |
|a Die römische Agrargeschichte in ihrer Bedeutung für das Staats- und Privatrecht /
|c herausgegeben von Jürgen Deininger.
|
| 260 |
|
|
|a Tübingen :
|b J.C.B. Mohr,
|c ©1986.
|
| 300 |
|
|
|a xiii, 444 pages ;
|c 24 cm.
|
| 336 |
|
|
|a text
|b txt
|2 rdacontent
|
| 337 |
|
|
|a unmediated
|b n
|2 rdamedia
|
| 338 |
|
|
|a volume
|b nc
|2 rdacarrier
|
| 490 |
1 |
|
|a Gesamtausgabe. Abteilung I, Schriften und Reden / Max Weber ;
|v Bd. 2
|
| 500 |
|
|
|a Errata slip laid in.
|
| 500 |
|
|
|a Originally published: Stuttgart : F. Enke, 1891.
|
| 504 |
|
|
|a Includes bibliographical references and indexes.
|
| 650 |
|
0 |
|a Land tenure (Roman law)
|x History.
|
| 650 |
|
0 |
|a Agricultural laws and legislation (Roman law)
|
| 650 |
|
0 |
|a Agriculture
|x Economic aspects
|z Rome
|x History.
|
| 650 |
|
0 |
|a Agriculture, Ancient
|z Rome.
|
| 650 |
|
0 |
|a Roman law.
|
| 650 |
|
0 |
|a Agriculture
|z Rome
|x History.
|
| 650 |
|
6 |
|a Propriété foncière
|x Droit romain.
|
| 650 |
|
6 |
|a Droit rural (Droit romain)
|
| 650 |
|
6 |
|a Droit romain.
|
| 650 |
|
6 |
|a Agriculture
|z Rome
|x Histoire.
|
| 650 |
|
6 |
|a Propriété foncière (Droit romain)
|x Histoire.
|
| 650 |
|
6 |
|a Agriculture
|x Aspect économique
|z Rome
|x Histoire.
|
| 650 |
|
6 |
|a Agriculture ancienne
|z Rome.
|
| 650 |
|
7 |
|a Roman law.
|2 fast
|0 (OCoLC)fst01099759
|
| 650 |
|
7 |
|a Agriculture.
|2 fast
|0 (OCoLC)fst00801355
|
| 650 |
|
7 |
|a Agricultural laws and legislation (Roman law)
|2 fast
|0 (OCoLC)fst00801042
|
| 650 |
|
7 |
|a Agriculture, Ancient.
|2 fast
|0 (OCoLC)fst01200742
|
| 650 |
|
7 |
|a Agriculture
|x Economic aspects.
|2 fast
|0 (OCoLC)fst00801415
|
| 650 |
|
7 |
|a Land tenure (Roman law)
|2 fast
|0 (OCoLC)fst00991433
|
| 651 |
|
7 |
|a Rome (Empire)
|2 fast
|0 (OCoLC)fst01204885
|
| 655 |
|
7 |
|a History.
|2 fast
|0 (OCoLC)fst01411628
|
| 700 |
1 |
|
|a Deininger, Jürgen.
|
| 776 |
0 |
8 |
|i Online version:
|a Weber, Max, 1864-1920.
|t Römische Agrargeschichte in ihrer Bedeutung für das Staats- und Privatrecht.
|d Tübingen : J.C.B. Mohr, ©1986
|w (OCoLC)844619718
|
| 800 |
1 |
|
|a Weber, Max,
|d 1864-1920.
|t Works.
|f 1984 ;
|v Abt. I, Bd. 2.
|
| 856 |
4 |
1 |
|3 Table of contents
|u http://www.dandelon.com/intelligentSEARCH.nsf/alldocs/AA16FB8E82F445F8C1257102005ADFFF/$File/000000087537.PDF?OpenElement
|t 0
|
| 938 |
|
|
|a YBP Library Services
|b YANK
|n 7213351
|
| 948 |
|
|
|h HELD BY TXA - 94 OTHER HOLDINGS
|
| 994 |
|
|
|a Z0
|b TXA
|
| 999 |
f |
f |
|s db1887c8-50ae-3ce3-8611-7a662399bd69
|i f1346381-e26a-393e-a1e2-ea35e60a6567
|t 0
|
| 952 |
f |
f |
|p ric
|a Texas A&M University
|b Rellis Campus
|c Joint Library Facility
|s JLF
|d Remote Storage
|t 0
|e KB58.A344 W4 1986
|h Library of Congress classification
|i unmediated -- volume
|m A14811646832
|